| 000 -LEADER |
| fixed length control field |
03659cam a2200349 a 4500 |
| 001 - CONTROL NUMBER |
| control field |
15078674 |
| 003 - CONTROL NUMBER IDENTIFIER |
| control field |
Nust- CAS-E |
| 005 - DATE AND TIME OF LATEST TRANSACTION |
| control field |
20180118181404.0 |
| 008 - FIXED-LENGTH DATA ELEMENTS--GENERAL INFORMATION |
| fixed length control field |
071113s2008 njua b 001 0 eng |
| 010 ## - LIBRARY OF CONGRESS CONTROL NUMBER |
| LC control number |
2007046855 |
| 020 ## - INTERNATIONAL STANDARD BOOK NUMBER |
| International Standard Book Number |
9780471689584 (cloth) |
| 020 ## - INTERNATIONAL STANDARD BOOK NUMBER |
| International Standard Book Number |
0471689580 (cloth) |
| 035 ## - SYSTEM CONTROL NUMBER |
| System control number |
(OCoLC)ocn181517172 |
| 035 ## - SYSTEM CONTROL NUMBER |
| System control number |
(OCoLC)181517172 |
| 040 ## - CATALOGING SOURCE |
| Original cataloging agency |
DLC |
| Transcribing agency |
DLC |
| Modifying agency |
BAKER |
| -- |
C#P |
| -- |
YDXCP |
| -- |
OUP |
| -- |
DLC |
| 050 00 - LIBRARY OF CONGRESS CALL NUMBER |
| Classification number |
TK2931 |
| Item number |
.M46 2008 |
| 082 00 - DEWEY DECIMAL CLASSIFICATION NUMBER |
| Classification number |
621.312429 |
| Edition number |
22 |
| Author Mark |
MEN 2008 |
| 100 1# - MAIN ENTRY--PERSONAL NAME |
| Personal name |
Mench, Matthew M. |
| 245 10 - TITLE STATEMENT |
| Title |
Fuel cell engines / |
| Statement of responsibility, etc. |
Matthew M. Mench. |
| 260 ## - PUBLICATION, DISTRIBUTION, ETC. |
| Place of publication, distribution, etc. |
Hoboken, N.J. : |
| Name of publisher, distributor, etc. |
John Wiley & Sons, |
| Date of publication, distribution, etc. |
c2008. |
| 300 ## - PHYSICAL DESCRIPTION |
| Extent |
xi, 515 p. : |
| Other physical details |
ill. ; |
| Dimensions |
25 cm. |
| 502 ## - DISSERTATION NOTE |
| Dissertation note |
0 |
| 504 ## - BIBLIOGRAPHY, ETC. NOTE |
| Bibliography, etc. note |
Includes bibliographical references and index. |
| 505 0# - FORMATTED CONTENTS NOTE |
| Formatted contents note |
1. Introduction to Fuel Cells -- Preliminary remarks -- Fuel cells as electrochemical engines -- Generic fuel cell and stack -- Classification of fuel cells -- Potential fuel cell applications and markets -- History of fuel cell development -- Summary -- 2. Basic Electrochemical Principles -- Electrochemical versus chemical reactions -- Electrochemical reaction -- Scientific units, constants, and basic laws -- Faraday's Laws: consumption and production of species -- Measures of reactant utilization efficiency -- The generic fuel cell -- Summary -- 3. Thermodynamics of Fuel Cell Systems -- Physical nature of thermodynamic variables -- Heat of formation, sensible enthalpy, and latent heat -- Determination of change in enthalpy for nonreacting species and mixtures -- Determination of change in enthalpy for reacting species and mixtures -- Psychrometrics: thermodynamics of moist air mixtures -- Thermodynamic efficiency of a fuel cell -- Maximum expected open-circuit voltage: Nernst voltage -- Summary -- 4. Performance Characterization of Fuel Cell Systems -- Polarization curve -- Region I: activation polarization -- Region II: ohmic polarization -- Region III: concentration polarization -- Region IV: other polarization losses -- Polarization curve model summary -- Summary -- 5. Transport in Fuel Cell Systems -- Ion transport in an electrolyte -- Electron transport -- Gas-phase mass transport -- Single-phase flow in channels -- Multiphase mass transport in channels and porous media -- Heat generation and transport -- Summary -- 6. Polymer Electrolyte Fuel Cells -- Hydrogen PEFC -- Water balance in PEFC -- PEFC flow field configurations and stack design -- Direct alcohol polymer electrolyte cells -- PEFC degradation -- Multidimensional effects -- Summary -- 7. Other Fuel Cells -- Solid oxide fuel cells -- Molten carbonate fuel cells -- Phosphoric acid fuel cells -- Alkaline fuel cells -- Biological and other fuel cells -- Summary -- 8. Hydrogen Storage, Generation, and Delivery -- Modes of storage -- Modes of generation -- Hydrogen delivery -- Overall hydrogen infrastructure development -- Summary -- 9. Experimental Diagnostics and Diagnosis -- Electrochemical methods to understand polarization curve losses -- Physical probes and visualization -- Degradation measurements -- Summary. |
| 650 #0 - SUBJECT ADDED ENTRY--TOPICAL TERM |
| Topical term or geographic name entry element |
Fuel cells. |
| 856 42 - ELECTRONIC LOCATION AND ACCESS |
| Materials specified |
Contributor biographical information |
| Uniform Resource Identifier |
<a href="http://www.loc.gov/catdir/enhancements/fy0805/2007046855-b.html">http://www.loc.gov/catdir/enhancements/fy0805/2007046855-b.html</a> |
| 856 42 - ELECTRONIC LOCATION AND ACCESS |
| Materials specified |
Publisher description |
| Uniform Resource Identifier |
<a href="http://www.loc.gov/catdir/enhancements/fy0805/2007046855-d.html">http://www.loc.gov/catdir/enhancements/fy0805/2007046855-d.html</a> |
| 856 41 - ELECTRONIC LOCATION AND ACCESS |
| Materials specified |
Table of contents only |
| Uniform Resource Identifier |
<a href="http://www.loc.gov/catdir/enhancements/fy0805/2007046855-t.html">http://www.loc.gov/catdir/enhancements/fy0805/2007046855-t.html</a> |
| 906 ## - LOCAL DATA ELEMENT F, LDF (RLIN) |
| a |
7 |
| b |
cbc |
| c |
orignew |
| d |
1 |
| e |
ecip |
| f |
20 |
| g |
y-gencatlg |
| 942 ## - ADDED ENTRY ELEMENTS (KOHA) |
| Source of classification or shelving scheme |
|
| Koha item type |
Book |